| Tag |
First Indicator |
Second Indicator |
Subfields |
| LEADER |
00000cam a2200000 4500 |
| 001 |
in00000307406 |
| 005 |
20151010151150.0 |
| 008 |
760805s1956 nyua b 00000 eng |
| 010 |
|
|
|a 56004481
|
| 035 |
|
|
|a (OCoLC)02355732
|
| 035 |
|
|
|9 ABH9288AM
|
| 040 |
|
|
|a DLC
|c TOL
|d TXA
|d UtOrBLW
|
| 049 |
|
|
|a TXAM
|c 1 [273636], 2 [272391]
|
| 050 |
0 |
0 |
|a QK731
|b .W8 1955
|
| 082 |
0 |
|
|a 581.134
|
| 110 |
2 |
|
|a Wye College.
|
| 245 |
1 |
4 |
|a The chemistry and mode of action of plant growth substances ;
|b proceedings of a symposium held at Wye College (University of London) July 1955 /
|c Edited by R. L. Wain and F. Wightman.
|
| 264 |
|
1 |
|a New York :
|b Academic Press,
|c 1956.
|
| 300 |
|
|
|a xi, 312 pages :
|b illustrations ;
|c 26 cm.
|
| 336 |
|
|
|a text
|b txt
|2 rdacontent
|
| 337 |
|
|
|a unmediated
|b n
|2 rdamedia
|
| 338 |
|
|
|a volume
|b nc
|2 rdacarrier
|
| 500 |
|
|
|a "Contains the papers read at ... [the] conference."
|
| 504 |
|
|
|a Includes bibliographies.
|
| 650 |
|
0 |
|a Plant growth promoting substances.
|
| 650 |
|
0 |
|a Plant growth inhibiting substances.
|
| 650 |
|
0 |
|a Auxin.
|
| 650 |
|
0 |
|a Growth (Plants)
|
| 650 |
|
0 |
|a Growth factors.
|
| 700 |
1 |
|
|a Wain, R. L.
|
| 700 |
1 |
|
|a Wightman, F.
|q (Frank)
|
| 740 |
0 |
|
|a Plant growth substances.
|
| 999 |
|
|
|a MARS
|
| 999 |
f |
f |
|s 0326b19f-63d5-3446-be50-d2c26b6e9b71
|i 7147a276-590f-3fb3-bf47-8fed52afdc8b
|t 0
|
| 952 |
f |
f |
|p ric
|a Texas A&M University
|b Rellis Campus
|c Joint Library Facility
|s JLF
|d Remote Storage
|t 0
|e QK731 .W8 1955
|h Library of Congress classification
|i unmediated -- volume
|m A14804901522
|
| 998 |
f |
f |
|a QK731 .W8 1955
|t 0
|l Remote Storage
|